00383nam a22001337a 4500003000400000008004100004020001500045082001200060100001900072245009900091260003800190300000800228650001300236OSt210408b ||||| |||| 00| 0 eng d a8174730257 a428 LEE aLONG,William J aEnglish Literature its history and its Significance for the life of the english Speaking world aNew DelhibAITBS Publishersc2021 a636 aBAENGHON